Cuộc cách mạng khoa học - kỹ thuật hiện đại /

সংরক্ষণ করুন:
গ্রন্থ-পঞ্জীর বিবরন
প্রধান লেখক: Sukharđin, X. V.
অন্যান্য লেখক: Hà An Minh (dịch.), Hoàng Minh Đạo (dịch.), Phạm Nguyên Long (dịch.)
বিন্যাস: Sách giấy
ভাষা:Vietnamese
প্রকাশিত: H. : Khoa học và kỹ thuật, 1979.
ট্যাগগুলো: ট্যাগ যুক্ত করুন
কোনো ট্যাগ নেই, প্রথমজন হিসাবে ট্যাগ করুন!
Thư viện lưu trữ: Thư viện Trường Đại học Đà Lạt
LEADER 00848nam a2200313 4500
001 DLU140163025
005 ##20131106
040 # # |a DLU  |b vie 
041 # # |a vie 
044 # # |a vn 
082 # # |a 601  |b SU-X 
100 # # |a Sukharđin, X. V. 
245 # # |a Cuộc cách mạng khoa học - kỹ thuật hiện đại /  |c  X. V. Sukharđin; Hoàng Minh Đạo, Phạm Nguyên Long, Hà An Minh dịch. 
260 # # |a H. :  |b Khoa học và kỹ thuật,  |c 1979. 
300 # # |a 311 tr. ;  |c 19 cm. 
700 # # |a Hà An Minh,  |e dịch. 
700 # # |a Hoàng Minh Đạo,  |e dịch. 
700 # # |a Phạm Nguyên Long,  |e dịch. 
923 # # |a TL 
991 # # |a SH 
992 # # |a 1,35 
994 # # |a DLU 
900 # # |a True 
911 # # |a Nguyễn Huyền Anh 
925 # # |a G 
926 # # |a A 
927 # # |a SH 
980 # # |a Thư viện Trường Đại học Đà Lạt